| 000 | 00740nam a22002177a 4500 | ||
|---|---|---|---|
| 003 | OSt | ||
| 005 | 20250820155018.0 | ||
| 008 | 250820s2018 ag ||||| |||| 00| f spa d | ||
| 020 | _a978-987-718-302-3 | ||
| 040 | _cbesoc | ||
| 080 | _082-32(82) | ||
| 100 | 1 | _aFerrán, Lito. | |
| 245 | 1 | 0 |
_aLas aventuras de Shgerlock Holmes para niños / _cArthur Conan Doyle ; adaptado por Lito Ferrán ; Ilustrado por Ignacio Bustos. |
| 260 |
_aBuenos Aires : _bLea, _c2018 |
||
| 300 |
_a62 p. ; _c25 cm. |
||
| 490 | 0 |
_aLa brújula y la veleta ; _v16 |
|
| 650 | 4 |
_aLiteratura argentina _vNovelas _ySiglo XXI _xAdaptaciones _xColección juvenil |
|
| 700 | 1 |
_aDoyle, Arthur Conan, _d1859-1930. |
|
| 700 | 1 |
_aBustos, Ignacio, _eilustrador |
|
| 942 |
_2udc _cOG _n0 |
||
| 999 |
_c556 _d556 |
||